000
00221 a2200097 4500
001
32589
100
_a
Ziauddin, A
245
_a
Mohammad Ali Jinnah
260
_a
Karachi
_b
Fakhri Printing press
_c
090
_c
21805
_d
21805
942
_a
NUST-CAE
_c
M
_c
13120
999
_c
267662
_d
267662